000 00738nam a2200241 i 4500
001 bg
100 1 _aKORBAS, Marek
245 1 0 _aChoroby i szkodniki zbóż z tabelami fungicydów i insektycydów zalecanych do stosowania w zbożach /
_cMarek Korbas.
260 _aPoznań :
_b"Multum",
_ccop.1998.
300 _a88, [25] s. :
_bfot. kolor. ;
_c21 cm.
504 _aBibliogr. s.88. - Indeks.
650 9 _aZboże
_xchoroby
_xzwalczanie
650 9 _aFungicydy
_xstosowanie
650 9 _aInsektycydy
_xstosowanie
650 9 _aOwady szkodliwe
_xzwalczanie
020 _a8387693200
040 _cBPK
041 _apl
080 _a633.1:632
920 _a83-87693-20-0
942 _cKS
008 s pl f |000 0 pol
999 _c36704
_d36704
856 _uhttp://koha.tu.koszalin.pl/cgi-bin/koha/opac-detail.pl?biblionumber=36704
_yKatalog online BPK